Nomi dei calciatori - Quiz n°5 - Statistics

Statistiche generali
  • Questo quiz è stato fatto 136 volte
  • Il punteggio medio è 9 su 10
Statistiche sulle risposte
Hint Risposta % Corretto
Ramsey Aaron
95%
Can Emre
95%
Pjanić Miralem
95%
McKennie Weston
95%
Zaccardo Cristian
94%
Morimoto Takayuki
94%
Hazard Eden
92%
Szoboszlai Dominik
91%
Matuidi Blaise
90%
Barák Antonín
76%
Nessun quiz corrispondente trovato
Distribuzione punteggi
Percentuale di utenti per punteggio
Percentile per numero di risposta
I tuoi punteggi nel tempo
Non hai fatto questo quiz